GLOBAL ECONOMIC PROSPECTS : ECONOMIC IMPLICATIONS OF REMITTANCES AND MIGRATION; 2006. (Record no. 15604)

000 -LEADER
fixed length control field 00334nam a2200109z 4500
020 ## - INTERNATIONAL STANDARD BOOK NUMBER
ISBN 0821363441
040 ## - CATALOGING SOURCE
Transcribing agency DDC
082 ## - DEWEY DECIMAL CLASSIFICATION NUMBER
Classification number 330 WOR 2006 A077 Or.
245 00 - TITLE STATEMENT
Title GLOBAL ECONOMIC PROSPECTS : ECONOMIC IMPLICATIONS OF REMITTANCES AND MIGRATION; 2006.
490 0# - SERIES STATEMENT
Series statement GLOBAL ECONOMIC PROSPECTS AND THE DEVELOPING COUNTRIES ;
942 ## - ADDED ENTRY ELEMENTS (KOHA)
Koha item type សៀវភៅភាសាអង់គ្លេស
952 ## - LOCATION AND ITEM INFORMATION (KOHA)
Withdrawn status [LOCAL, KOHA] 0
Holdings
Permanent Location Date acquired Koha item type Lost status Shelving location Barcode Current Location Full call number
Library Block A2017-12-04សៀវភៅភាសាអង់គ្លេស A077A07746Library Block A330 WOR 2006 A077 Or.
មជ្ឈមណ្ឌលឯការនៃសាកលវិទ្យាល័យភូមិន្ទកសិកម្មចំការដូង

Powered by Koha